Library Banner

Schaum's outlines electric circuits / (Record no. 112479)

MARC details
000 -LEADER
fixed length control field 00790cam a22002657i 4500
001 - CONTROL NUMBER
control field 17829681
005 - DATE AND TIME OF LATEST TRANSACTION
control field 20190514100200.0
008 - FIXED-LENGTH DATA ELEMENTS--GENERAL INFORMATION
fixed length control field 130729s2014 nyua 001 0 eng d
020 ## - INTERNATIONAL STANDARD BOOK NUMBER
International Standard Book Number 9780071830454 (pbk.)
020 ## - INTERNATIONAL STANDARD BOOK NUMBER
International Standard Book Number 0071830456 (pbk.)
040 ## - CATALOGING SOURCE
Transcribing agency PK-LaUMT
082 04 - DEWEY DECIMAL CLASSIFICATION NUMBER
Classification number 621.3815
Edition number 23
Item number MAH-E
100 1# - MAIN ENTRY--PERSONAL NAME
Personal name Mahmood Nahvi
245 10 - TITLE STATEMENT
Title Schaum's outlines electric circuits /
Statement of responsibility, etc Mahmood Nahvi and Joseph A. Edminister
250 ## - EDITION STATEMENT
Edition statement 6th ed.
260 ## - PUBLICATION, DISTRIBUTION, ETC. (IMPRINT)
Place of publication, distribution, etc New York :
Name of publisher, distributor, etc McGraw-Hill Education,
Date of publication, distribution, etc 2014
300 ## - PHYSICAL DESCRIPTION
Extent viii, 496 p. :
Other physical details illustrations ;
Dimensions 28 cm
490 1# - SERIES STATEMENT
Series statement Schaum's outline series
500 ## - GENERAL NOTE
General note Previous edition: c2011.
500 ## - GENERAL NOTE
General note Includes index.
650 #0 - SUBJECT ADDED ENTRY--TOPICAL TERM
Topical term or geographic name as entry element Electric circuits.
650 #0 - SUBJECT ADDED ENTRY--TOPICAL TERM
Topical term or geographic name as entry element Electric circuits
700 1# - ADDED ENTRY--PERSONAL NAME
Personal name Edminister, Joseph,
942 ## - ADDED ENTRY ELEMENTS (KOHA)
Koha item type Books
Holdings
Withdrawn status Lost status Damaged status Home library Current library Date acquired Full call number Barcode Date last seen Price effective from Koha item type
      UMT Main Campus UMT Main Campus 2019-05-14 621.3815 MAH-E 130024 2019-05-14 2019-05-14 Books